| 000 | 01290ncm a2200385 c 4500 | ||
|---|---|---|---|
| 999 |
_c317171 _d317171 |
||
| 003 | BLK | ||
| 005 | 20250127155654.0 | ||
| 008 | 180414b bul |a|er|||| |0| c|bulo| | ||
| 010 | _aNOT00003267000 | ||
| 040 | _aBLK | ||
| 041 |
_aBUL _cBUL |
||
| 080 |
_aФлейта. Сонати _b788.5.082.2 _z788.5.082.2 |
||
| 100 |
_aБах, Йохан Кристиян _9361892 |
||
| 139 |
_aБах, Йохан Кристиян _bБ 30 |
||
| 245 | 1 | 0 |
_aСонати за флейта и пиано _cЙохан Кристиян Бах; състав. и ред. Йордан Киндалов. |
| 254 | _aКлавир+щим | ||
| 257 | _aBGR | ||
| 260 |
_bМузика _c1983 |
||
| 300 |
_a62 с. _c33 см _eщим 20 с. |
||
| 380 | _a7 | ||
| 650 | 4 |
_aФлейта - пиеси, сонати, сюити _9354610 |
|
| 650 | 0 |
_aДуо - флейта и пиано _9354035 |
|
| 653 | _aфлейта | ||
| 653 | _aсонати | ||
| 700 | 1 |
_aКиндалов, Йордан _eсъстав. и ред. _9362942 |
|
| 852 |
_aЦб М ІІ 9174 _p0 |
||
| 856 | 4 |
_qpdf _u |
|
| 856 | 4 |
_qpdf _u |
|
| 942 |
_cNOT _n0 _s1 |
||
| 944 |
_aCR _c02.10.2010 _k30560 _lГеновева Генчева |
||
| 944 |
_aED _c02.10.2010 |
||
| 999 | _d317171 | ||
| 999 | _d317171 | ||
| 999 | _d317171 | ||